00354 2200145 4500245005900000250001100059100003100070650001700101650001600118005001900134260001800153041001400171084001400185336000900199 aThe Story of My LIfecAnnahya Sandra Aisha KanarhText aCet. 1 aAnnahya Sandra Aisha Kanar aAutobiografi aKarya Siswa a20250521141057 aJakartac2025 aIndonesia a081 ANN t atext